000 00491nam a2200157Ia 4500
008 210719s2002 xx 000 0 und d
041 _aeng
082 _a519.4KAK SRIT
100 _aSRIMANI (P K) and MOORTHY (M Vinayaka)
245 _aComputer oriented numerical methods and linear programming
260 _aBangalore
_bSubhash Stores
_c2002
300 _a440
_bPB
365 _b165
_cRs
650 _aNumerical Methods
906 _acomputer oriented numerical methods linear programming
999 _c213703
_d213703